| 000 | 00551nam a2200193Ia 4500 | ||
|---|---|---|---|
| 003 | GCL | ||
| 008 | 140319s9999 xx 000 0 ara d | ||
| 040 |
_aGCL / _cGCL |
||
| 082 | 0 | 4 |
_a550 _bف ف |
| 100 | 1 | _aمحمد جمال الدين الفندى | |
| 245 | 1 | 0 |
_aالغبار الذرى / _cمحمد جمال الدين الفندى |
| 300 | _a143 ص | ||
| 490 |
_aاقرأ _v0 |
||
| 650 | 0 | 4 | _aالذرة |
| 650 | 0 | 4 | _aالغبار الذرى |
| 650 | 0 | 4 | _aالاشعاع الذرى |
| 650 | 0 | 4 | _aالقنبلة الذرية |
| 942 |
_2ddc _cBK |
||
| 999 |
_c46635 _d46635 |
||